000 00647cam a22002411 4500
001 sa 62001293
003 DLC
005 20260227111918.0
008 890823s1962 ii 000 0 hino
010 _asa 62001293
035 _a(OCoLC)20236799
040 _aDLC
_cWaU
_dDLC
042 _apremarc
050 0 0 _aPK2098.P7
_bZ96
100 0 _aViśvambhara Mānava,
_d1912-
245 1 0 _aPrasāda aura unakī kavitā.
260 _c[1962]
300 _a248 p.
_c19 cm.
500 _aIn Hindi.
500 _aIncludes poems of Jai Shankar Prasad.
600 1 0 _aPrasad, Jai Shankar,
_d1889-1937.
700 1 _aPrasad, Jai Shankar,
_d1889-1937.
999 _c53257
_d53257